| 000 | 00489nam a2200181Ia 4500 | ||
|---|---|---|---|
| 005 | 20250529131014.0 | ||
| 008 | 250327s9999 xx 000 0 und d | ||
| 020 |
_a9789353337056 _qpbk. |
||
| 041 | _aeng. | ||
| 082 | _a332.6 DHO | ||
| 100 | _aDhoot, Ritesh | ||
| 245 | 2 |
_aA Safari In the Equity World _c/Ritesh Dhoot; |
|
| 250 | _a1ST ED. | ||
| 260 |
_bRupa publications india, _c2019. _aNew Delhi: |
||
| 300 |
_a180 p. : _c19cm. |
||
| 650 | _aFinancial economics | ||
| 942 | _cENGLISH | ||
| 999 |
_c569944 _d569944 |
||